The Living Crafts (Record no. 11035)

MARC details
000 -CABECERA
campo de control de longitud fija 00787nam a22002297a 4500
001 - NÚMERO DE CONTROL
campo de control BRCA_9413
003 - IDENTIFICADOR DEL NÚMERO DE CONTROL
campo de control FranzMayer
005 - FECHA Y HORA DE LA ÚLTIMA TRANSACCIÓN
campo de control 20230918125947.0
008 - DATOS DE LONGITUD FIJA--INFORMACIÓN GENERAL
campo de control de longitud fija 230904b |||||||| |||| 00| 0 eng d
040 ## - FUENTE DE LA CATALOGACIÓN
Centro catalogador/agencia de origen MFM
Lengua de catalogación ESPAÑOL
Centro/agencia transcriptor MFM
050 #0 - SIGNATURA TOPOGRÁFICA DE LA BIBLIOTECA DEL CONGRESO
Número de clasificación GN429.M6
Número de documento/Ítem W67 1976
110 1# - ENTRADA PRINCIPAL--NOMBRE DE ENTIDAD CORPORATIVA
Código de función/relación Responsable
Nombre de entidad corporativa o nombre de jurisdicción como elemento de entrada World Crafts Council
9 (RLIN) 29619
240 ## - TÍTULO UNIFORME
Título uniforme The Living Crafts
Medio Tradition and Quality
Lenguaje de la obra Inglés
245 0# - MENCIÓN DE TÍTULO
Título The Living Crafts
Resto del título Tradition and Quality
260 ## - PUBLICACIÓN, DISTRIBUCIÓN, ETC.
Lugar de publicación, distribución, etc. Morelos, México
Nombre del editor, distribuidor, etc. World Crafts Council
Fecha de publicación, distribución, etc. 1976
300 ## - DESCRIPCIÓN FÍSICA
Extensión 52 p
Otras características físicas Ilustraciones
Dimensiones 28 cm
500 ## - NOTA GENERAL
Nota general Anexo 1
505 ## - NOTA DE CONTENIDO CON FORMATO
Nota de contenido con formato Texto en: inglésDirigido a: arqueólogas e historiadores mexicanos
650 1# - PUNTO DE ACCESO ADICIONAL DE MATERIA--TÉRMINO DE MATERIA
Fuente del encabezamiento o término Antropología
Término de materia o nombre geográfico como elemento de entrada Cultura
Subdivisión de forma Tradiciones
9 (RLIN) 29620
651 2# - PUNTO DE ACCESO ADICIONAL DE MATERIA--NOMBRE GEOGRÁFICO
Fuente del encabezamiento o término México
Nombre geográfico Costumbres
Subdivisión de forma Artesanías
9 (RLIN) 29621
942 ## - ELEMENTOS DE PUNTO DE ACCESO ADICIONAL (KOHA)
Fuente del sistema de clasificación o colocación Library of Congress Classification
Tipo de ítem Koha Libros
Holdings
Estado de retiro Estado de pérdida Fuente del sistema de clasificación o colocación Estado dañado No para préstamo Código de colección Localización permanente Ubicación/localización actual Fecha de adquisición Total de préstamos Signatura topográfica completa Código de barras Fecha visto por última vez Precio válido a partir de Tipo de ítem Koha
El ejemplar forma parte de la colección y puede ser consultado según las políticas vigentes.   Library of Congress Classification     Fondo Contemporáneo Biblioteca del Museo Franz Mayer (Rogerio Casas-Alatriste) Biblioteca del Museo Franz Mayer (Rogerio Casas-Alatriste) 04/09/2023   GN429.M6 W67 1976 CONT10186 04/09/2023 04/09/2023 Libros